| 000 | 01823cam a22004097a 4500 | ||
|---|---|---|---|
| 003 | CHAP | ||
| 005 | 20220329141937.0 | ||
| 008 | 980831d1997 mx rs o00110 spa d | ||
| 010 | _a76054 | ||
| 011 | _a77026 | ||
| 020 | _a9701317602 | ||
| 035 | _a86623 | ||
| 040 | _cCHAP | ||
| 082 | 0 | 4 |
_a331.11 _bI56 B.C. |
| 110 | 2 |
_aInstituto Nacional de Estadística, Geografía e Informática. México _959304 |
|
| 245 | 1 | 0 |
_aEncuesta nacional de empleo : _bBaja California _c/por Instituto Nacional de Estadística, Geografía e Informática |
| 260 |
_aAguascalientes, Ags. : _bInstituto Nacional de Estadística, Geografía e Informática, _c1997-19 |
||
| 300 |
_av. : _banexo |
||
| 500 | _aLa biblioteca tiene : 1996, 1998, 2000 | ||
| 590 |
_aBATCH-UPD _b10 _c20130110 _lUCH01 _h0657 |
||
| 590 |
_aBATCH-UPD _b10 _c20130410 _lUCH01 _h0342 |
||
| 590 |
_aBATCH-UPD _b10 _c20130914 _lUCH01 _h0523 |
||
| 590 |
_aCONVERSION _b10 _c20130109 _lUCH01 _h1342 |
||
| 650 | 1 | 4 |
_aBaja California _xCondiciones económicas. _99483 |
| 650 | 1 | 4 |
_aDesempleo. _932123 |
| 650 | 1 | 4 |
_aEmpleo _xBaja California. _936548 |
| 650 | 1 | 4 |
_aTrabajo y trabajadores _xBaja California. _9114507 |
| 901 | _aBK | ||
| 905 | _aLilia Sánchez G. | ||
| 942 | _cLIBRO | ||
| 949 |
_a331.11 I56 B.C. _bBC _cINEGI _d33724000701017 _eINEGI _f1996 _h93922 _i86623 _sb |
||
| 949 |
_a331.11 I56 B.C. _bBC _cINEGI _d33724000791364 _eINEGI _f1998 c.2 _h98785 _i86623 _kDonaciØn _sb |
||
| 949 |
_a331.11 I56 B.C. _bBC _cINEGI _d33724000793600 _eINEGI _f1998 _h98605 _i86623 _kDonaciØn _sb |
||
| 949 |
_a331.11 I56 B.C. _bBC _cINEGI _d33724000813754 _eINEGI _f2000 c.2 _gDonaciØn _h102801 _i86623 _sb |
||
| 949 |
_a331.11 I56 B.C. _bBC _cINEGI _d33724000844239 _eINEGI _f1996 c.2 _gDonaciØn _h10226 _i86623 _sb |
||
| 949 |
_a331.11 I56 B.C. _bBC _cINEGI _d33724000849683 _eINEGI _f2000 _gDonaciØn _h102800 _i86623 _sb |
||
| 999 |
_c76054 _d76054 |
||